[Event "TCh-Eur Seniors"]
[Site "Dresden GER"]
[Date "2010.02.13"]
[Round "4"]
[White "Poyato Sala,J"]
[Black "Dueckstein,A"]
[Result "1/2-1/2"]
[WhiteElo "2216"]
[BlackElo "2227"]

1.d4 d5 2.c4 Nc6 3.cxd5 Qxd5 4.e3 e5 5.Nc3 Bb4 6.Bd2 Bxc3 7.bxc3 exd4 8.cxd4 Nf6
9.Ne2 O-O 10.Nf4 Qd6 11.Bd3 Nb4 12.Bxb4 Qxb4+ 13.Qd2 Qd6 14.O-O b6 15.Rac1 Bb7
16.f3 g6 17.Rc3 Rac8 18.Rfc1 c6 19.Bc4 Rfd8 20.Nd3 Kg7 21.Qf2 Nd5 22.Bxd5 cxd5
23.Rxc8 Rxc8 24.Rxc8 Bxc8 25.Qb2 Ba6 26.Nb4 Bc4 27.g3 f6 28.a3 Qe6 29.Qc1 Qf5
30.Kf2 a5 31.g4 Qd7 32.Nc2 Qc7 33.Ne1 Qxh2+ 34.Ng2 h5 35.gxh5 Qxh5 36.Qb1 b5
37.Qe1 a4 38.Qa5 g5 39.Qc7+ Qf7 40.Qd6 Bd3 41.Ne1 Bf5 42.Qc6 Qd7 43.Qxd7+ Bxd7
44.Nd3 Bc6 45.Nb4 Bb7 46.Kg3 Kg6 47.Nd3 Kf5 48.Nb4 Ba8  1/2-1/2

[Event "18th Fajr Open"]
[Site "Mashhad IRI"]
[Date "2010.02.22"]
[Round "4"]
[White "Rahimian,R"]
[Black "Minasian,Ara"]
[Result "1/2-1/2"]
[WhiteElo "2120"]
[BlackElo "2477"]

1.d4 d5 2.c4 Nc6 3.Nc3 dxc4 4.e3 e5 5.d5 Nce7 6.Bxc4 a6 7.Nf3 Ng6 8.e4 Bd6
9.O-O Nf6 10.Re1 O-O 11.Bf1 Bd7 12.a4 c6 13.Nd2 Bc5 14.h3 Qb6 15.Qf3 cxd5
16.exd5 Bd4 17.Nc4 Qc5 18.Bg5 Bxc3 19.bxc3 Qxd5 20.Qe3 Rae8 21.Red1 Qc6 22.Rd6 Qc7
23.Bxf6 gxf6 24.Rxf6 Be6 25.Nd2 Kg7 26.Ne4 Bd5 27.Rf5 Be6 28.Rf6 Rd8 29.h4 Bd5
30.Rf5 Bxe4 31.Qxe4 Qxc3 32.Rb1 Rd4 33.Qxb7 Rxh4 34.Qxa6 e4 35.Qa5 Qc2 36.Re1 e3
37.Rxe3 Rxa4 38.Qd5 Qc1 39.Qc5 Qxc5 40.Rxc5 Ra1 41.g3 Rd8 42.Kg2 Rdd1 43.Bc4 Rg1+
44.Kf3 Ra7  1/2-1/2

[Event "Masters B"]
[Site "Nancy FRA"]
[Date "2010.02.23"]
[Round "3"]
[White "Wiley,To"]
[Black "Henris,L"]
[Result "1/2-1/2"]
[WhiteElo "2302"]
[BlackElo "2302"]

1.d4 d5 2.c4 Nc6 3.e3 e5 4.dxe5 d4 5.a3 Nge7 6.Nf3 Bg4 7.exd4 Bxf3 8.Qxf3 Qxd4
9.Nc3 O-O-O 10.Be3 Nxe5 11.Qh3+ Qg4 12.Qxg4+ Nxg4 13.Bf4 Ng6 14.Bg3 N4e5
15.Be2 f5 16.Bxe5 Nxe5 17.Rd1 Rxd1+ 18.Kxd1 Bc5 19.f3 Rd8+ 20.Kc2 Nc6 21.Bd3 Nd4+
22.Kb1 g6 23.Rd1 c6 24.Bf1 Be7 25.Ne2 Nxe2  1/2-1/2

[Event "Reykjavik Open"]
[Site "Reykjavik ISL"]
[Date "2010.02.25"]
[Round "2"]
[White "Antonsson,Atli"]
[Black "Bromann,T"]
[Result "0-1"]
[WhiteElo "1716"]
[BlackElo "2434"]

1.d4 d5 2.c4 Nc6 3.Nf3 Bg4 4.Nc3 e6 5.Bg5 f6 6.cxd5 exd5 7.Bf4 Bb4 8.Rc1 Nge7
9.e3 Qd7 10.Qb3 Bxf3 11.gxf3 O-O 12.h4 Kh8 13.Bh3 f5 14.h5 h6 15.a3 Bd6 16.Ne2 Rab8
17.Rg1 Rf6 18.Qc3 Qe6 19.Bxd6 Qxd6 20.Nf4 Rc8 21.Qb3 Nxd4 22.Qd1 Ne6 23.Nxe6 Rxe6
24.Qd4 Qe5 25.Qxe5 Rxe5 26.f4 Re6 27.Bg2 c6 28.Kd2 Ng8 29.Bh3 Ne7 30.Rg3 Rf8
31.b4 d4 32.exd4 Nd5 33.Bg2 Nxf4 34.Bf3 Rd8 35.Kc3 Re2 36.Rcg1 Rxf2 37.Bd1 Rd7
38.Rf3 Nd5+ 39.Kd3 Rxf3+ 40.Bxf3 Kg8 41.Bd1 Re7 42.Bb3 Re3+ 43.Kc2 Kf7 44.b5 f4
45.bxc6 bxc6 46.Rf1 f3 47.a4 Kf6 48.Bxd5 cxd5 49.Kd2 Ra3 50.a5 Kf5 51.Rg1 f2
52.Rxg7 Rf3  0-1

[Event "Bundesliga 2009-10"]
[Site "Trier GER"]
[Date "2010.02.28"]
[Round "11"]
[White "Braun,A"]
[Black "Schneider,Il"]
[Result "1-0"]
[WhiteElo "2519"]
[BlackElo "2500"]

1.d4 d5 2.c4 Nc6 3.Nf3 Bg4 4.Qa4 dxc4 5.e3 Bxf3 6.gxf3 e5 7.dxe5 Qd5 8.Nc3 Qxf3
9.Rg1 Qh5 10.Bxc4 Qxh2 11.Rf1 Bb4 12.Ba6 Bxc3+ 13.bxc3 Qxe5 14.Bxb7 Qxc3+
15.Ke2 Ne7 16.Bd2 Qc5 17.Bxa8 O-O 18.Bxc6 Nxc6 19.Rh1  1-0

[Event "TCh-ISL 2009-10"]
[Site "Rekjavik ISL"]
[Date "2010.03.05"]
[Round "5"]
[White "Ragnarsson,J"]
[Black "Bromann,T"]
[Result "1/2-1/2"]
[WhiteElo "2118"]
[BlackElo "2432"]

1.d4 d5 2.c4 Nc6 3.cxd5 Qxd5 4.e3 e5 5.Nc3 Bb4 6.Bd2 Bxc3 7.Bxc3 exd4 8.Ne2 Nf6
9.Nxd4 O-O 10.Nb5 Qg5 11.h4 Qh6 12.Nxc7 Bg4 13.Qd6 Rad8 14.Qg3 Bc8 15.Bc4 Ne4
16.Qf4 Qxf4 17.exf4 Nxc3 18.bxc3 Rd7 19.Nd5 Na5 20.Ne3 Rc7 21.Bd3 Rxc3 22.Ke2 Ra3
23.Be4 Be6 24.Rhc1 Rxa2+ 25.Rxa2 Bxa2 26.Ra1 Nb3 27.Rd1 Nc5 28.Bf3 Bb3 29.Ra1 a6
30.Rc1 b6 31.Bd5 Rb8 32.Rc3 Ba4 33.Kf3 Rd8 34.Nc4 Bd1+ 35.Ke3 b5 36.Bxf7+ Kxf7
37.Ne5+ Ke6 38.Rxc5 b4 39.Rc6+ Rd6 40.Rc7 b3 41.Nc4 Rd8 42.Rb7 Kd5 43.Na5 Kc5
44.Nxb3+ Bxb3 45.Rxb3 Rd7 46.f5 a5 47.g4 a4 48.Ra3 Kb4 49.Ra1 a3 50.Ke4 Kb3
51.g5 Kb2 52.Rxa3 Kxa3 53.Ke5 Re7+ 54.Kd6 Re4 55.f6 gxf6 56.gxf6 Rxh4 57.Ke5 Rh2
58.f4 Re2+ 59.Kd6 Rf2 60.Ke5 Re2+ 61.Kd6 Re8 62.f7 Rh8 63.Ke7 h5 64.f5 h4
65.f8=Q Rxf8 66.Kxf8 h3 67.f6 h2 68.f7 h1=Q 69.Kg7 Qg2+ 70.Kh7 Qf3 71.Kh8 Kb4
72.Kg7 Qg4+ 73.Kh8 Qf5 74.Kg7 Qg5+ 75.Kh7 Qf6 76.Kg8 Qg6+ 77.Kh8 Qxf7  1/2-1/2

[Event "81st ch-GER"]
[Site "Bad Liebenzell GER"]
[Date "2010.03.09"]
[Round "5"]
[White "Naumann,Al"]
[Black "Mueller,Oli"]
[Result "1-0"]
[WhiteElo "2528"]
[BlackElo "2297"]

1.d4 d5 2.c4 Nc6 3.Nc3 Nf6 4.Nf3 Bg4 5.Ne5 Nxe5 6.dxe5 d4 7.Nb1 Ng8 8.Qb3 Qc8
9.e3 dxe3 10.Bxe3 g6 11.h3 Be6 12.Nd2 Bg7 13.Nf3 Nh6 14.Be2 O-O 15.O-O a5
16.Rad1 a4 17.Qc2 f6 18.exf6 exf6 19.Bc5 Re8 20.Nd4 Bd7 21.Bf3 Nf7 22.Bd5 c6
23.Bxf7+ Kxf7 24.Bd6 c5 25.Nb5 Bxb5 26.cxb5 b6 27.Rfe1 Bf8 28.Qc4+ Kg7 29.Bxf8+ Kxf8
30.Rxe8+ Qxe8 31.Qf4 Qe7 32.Rd6 Kf7 33.Rxb6 a3 34.bxa3 Rd8 35.Rc6 Rd4 36.Qg3 Rd1+
37.Kh2 Rd7 38.b6 Ke8 39.Rc8+ Rd8 40.Rc7 Rd7 41.b7  1-0

[Event "FSIM March"]
[Site "Budapest HUN"]
[Date "2010.03.14"]
[Round "9"]
[White "Kovacs,Laj2"]
[Black "Lyell,M"]
[Result "1-0"]
[WhiteElo "2192"]
[BlackElo "2179"]

1.d4 d5 2.c4 Nc6 3.Nc3 dxc4 4.d5 Ne5 5.Nf3 Nxf3+ 6.exf3 e6 7.Bxc4 exd5 8.Bxd5 Bd6
9.Qa4+ Bd7 10.Qe4+ Ne7 11.Bxb7 Rb8 12.Bd5 O-O 13.a3 Nxd5 14.Qxd5 Re8+ 15.Be3 Rxb2
16.O-O Bxh2+ 17.Kxh2 Rxe3 18.Nd1 Rb5 19.Nxe3 Rxd5 20.Nxd5 Be6 21.Ne3 c5 22.Kg1 h5
23.Rfc1 Qd4 24.a4 h4 25.Ra3 h3 26.gxh3 Qf4 27.Rxc5 Qxf3 28.Rac3 Qxh3 29.a5 f5
30.Nxf5 Qg4+ 31.Ng3 Qd1+ 32.Kh2 Bd5 33.a6 Qd4 34.Kg1 Qd1+ 35.Kh2 Qd4 36.Kg1 Qd1+
37.Kh2 Bf3 38.Rc8+ Kh7 39.Rf8 Bd5 40.Nf1  1-0

[Event "21st Pobeskydi Arcelor Mittal Cup"]
[Site "Frydek-Mistek CZE"]
[Date "2010.04.01"]
[Round "1"]
[White "Kudzma,L"]
[Black "Repka,C"]
[Result "1-0"]
[WhiteElo "2236"]
[BlackElo "1871"]

1.d4 d5 2.c4 Nc6 3.Nf3 Bg4 4.cxd5 Bxf3 5.gxf3 Qxd5 6.e3 e5 7.Nc3 Bb4 8.Bd2 Bxc3
9.bxc3 exd4 10.cxd4 Nf6 11.Rb1 O-O 12.Bg2 Qxa2 13.f4 Rad8 14.Qb3 Qxb3 15.Rxb3 Rb8
16.Ke2 Nd8 17.Ra1 a6 18.Rxa6 Re8 19.Ra7 Ne6 20.Kf1 Nd8 21.Ra5 Ne4 22.Be1 Nd6
23.Ra2 b6 24.Ra7 Ne6 25.Bc6 Red8 26.Bb4 Nc8 27.Ra2 h6 28.d5 Nf8 29.Ke2 Nd6
30.Ra7 Rbc8 31.Rc3 Ng6 32.Ba4 b5 33.Bb3 Nc4 34.Bxc4 bxc4 35.Ra5 c5 36.Rxc5 Rxc5
37.Bxc5 Rxd5 38.Rxc4 Rh5 39.Bd6 Nh8 40.Rc8+ Kh7 41.Rc1 Rxh2 42.f5 Rh4 43.Bf4 g5
44.Be5 Re4 45.Bf6 Re8 46.Kf3 Ra8 47.e4 Ra3+ 48.Kg4 Ng6 49.fxg6+ Kxg6 50.Bc3 h5+
51.Kf3 g4+ 52.Kf4 f6 53.Kg3 Kg5 54.f4+ gxf3 55.Bd2+ Kg6 56.Bf4  1-0

[Event "21st Pobeskydi Arcelor Mittal Cup"]
[Site "Frydek-Mistek CZE"]
[Date "2010.04.02"]
[Round "4"]
[White "Sustek,V"]
[Black "Pastuszko,K"]
[Result "1/2-1/2"]
[WhiteElo "2015"]
[BlackElo "1791"]

1.d4 d5 2.c4 Nc6 3.e3 e5 4.dxe5 dxc4 5.Qxd8+ Kxd8 6.Bxc4 Nxe5 7.Be2 Bb4+
8.Nc3 Nf6 9.Bd2 Ke7 10.a3 Bd6 11.Nb5 Bf5 12.Nxd6 Kxd6 13.Bb4+ Ke6 14.Nf3 Nxf3+
15.gxf3 Nd7 16.Bc4+ Kf6 17.Bc3+ Ke7 18.Bxg7 Rhg8 19.Bc3 Nb6 20.Bb4+ Kf6 21.Bb3 Rad8
22.e4 Be6 23.Bc3+ Ke7 24.Bc2 f6 25.Ke2 Nc4 26.b3 Ne5 27.h3 c5 28.f4 Nc6 29.f5 Bf7
30.Rad1 Bh5+ 31.Ke3 Bxd1 32.Bxd1 Nd4 33.a4 Nc6 34.Be2 Ne5 35.Be1 Rd4 36.f4 Nc6
37.Bh4 Rg2 38.e5 Nxe5 39.Be1 Nc6 40.Kf3 Rg8 41.Bf2 Rdd8 42.Bxc5+ Kd7 43.Bc4 Rg7
44.b4 Kc7 45.Ke4 b6 46.Bf2 Nxb4 47.Bd4 Rf8 48.Rc1 Kb7 49.a5 Re7+ 50.Be6 Rc7
51.Rb1 bxa5 52.h4 Rc2 53.h5 Re2+ 54.Kf3 Rc2 55.h6 Rc7 56.Ke4 Rc2 57.Rg1 Rc7
58.Rg7 Nc6 59.Bc5 Rd8 60.Bd5 Re8+ 61.Kf3 Rd8 62.Ke4 Re8+ 63.Be6 a4 64.Bd6 Ree7
65.Rg8 Nd8 66.Kd5 Red7 67.Bxd7 Rxd7 68.Rg7 Kc8 69.Rg3 Nf7 70.Rg8+ Nd8 71.Rg3 Nf7
72.Rg8+ Nd8  1/2-1/2

[Event "21st Pobeskydi Arcelor Mittal Cup"]
[Site "Frydek-Mistek CZE"]
[Date "2010.04.04"]
[Round "7"]
[White "Jakubek,P"]
[Black "Repka,C"]
[Result "1/2-1/2"]
[WhiteElo "2148"]
[BlackElo "1871"]

1.c4 Nc6 2.d4 d5 3.cxd5 Qxd5 4.e3 e5 5.Nc3 Bb4 6.Bd2 Bxc3 7.Bxc3 exd4 8.Nf3 Bg4
9.Be2 O-O-O 10.exd4 Nf6 11.O-O Rhe8 12.Re1 Re4 13.h3 Bh5 14.Qa4 Rde8 15.Bc4 Qf5
16.Rxe4 Rxe4 17.Qb5 Qxb5 18.Bxb5 Bxf3 19.gxf3 Rh4 20.Bxc6 bxc6 21.Kg2 Nd5
22.Re1 Nf4+ 23.Kg3 g5 24.Rh1 Kd7 25.Bd2 Nh5+ 26.Kg2 h6 27.Be3 Nf4+ 28.Kg3 f5
29.Bxf4 Rxf4 30.h4 Rxd4 31.hxg5 hxg5 32.Rh5 f4+ 33.Kg4 Rd2 34.Rxg5 Rxb2 35.Ra5 c5
36.Kxf4 c4 37.Ke3 c3 38.Kd3 Rxf2 39.Kxc3 Rxf3+ 40.Kc4 Rf4+ 41.Kc3 Rf3+ 42.Kc4 Kc6
43.Rxa7 Rf4+  1/2-1/2

[Event "21st Pobeskydi TS Cup"]
[Site "Frydek-Mistek CZE"]
[Date "2010.04.05"]
[Round "9"]
[White "Szwed,J"]
[Black "Vojta,T"]
[Result "1/2-1/2"]
[WhiteElo "2259"]
[BlackElo "2370"]

1.d4 d5 2.c4 Nc6 3.Nc3 Nf6 4.cxd5 Nxd5 5.e4 Nxc3 6.bxc3 e5 7.d5 Nb8 8.Qh5 Bd6
9.Nf3 O-O 10.Bd3 Nd7 11.O-O Qe7 12.Nd2 Nc5 13.Bc2 b5 14.Nb3 Na4 15.c4 bxc4
16.Na5 Nb6 17.Bb2 f6 18.Qe2 Ba6 19.Bc3 Bc5 20.Nc6 Qd6 21.a4 Kh8 22.Kh1 Bb7
23.Na5 Ba6 24.Nc6 Nd7 25.Rab1 Rae8 26.Bb3 f5 27.Bxc4 Bxc4 28.Qxc4 Nb6 29.Qb5 Nd7
30.f3 h6  1/2-1/2

[Event "17th TCh-RUS Higher League"]
[Site "Dagomys RUS"]
[Date "2010.04.07"]
[Round "6"]
[White "Odnorozhenko,E"]
[Black "Kravtsov,S"]
[Result "0-1"]
[WhiteElo "2324"]
[BlackElo "2388"]

1.d4 d5 2.c4 Nc6 3.e3 e5 4.Nf3 Bg4 5.Qb3 Bxf3 6.gxf3 exd4 7.cxd5 Ne5 8.exd4 Nd7
9.Nc3 Bd6 10.Be3 Ne7 11.Bd3 f5 12.O-O-O O-O 13.Qc2 a6 14.Rdg1 Kh8 15.Rg5 g6
16.h4 Nf6 17.Qd2 f4 18.Bxf4 Ne4 19.Bxd6 Nxd2 20.Be5+ Kg8 21.Kxd2 Rxf3 22.Bc4 Kf8
23.Ke2 Rf5 24.Rg3 b5 25.Bb3 Rh5 26.Ne4 Nf5 27.Rgh3 Qe7 28.Kd3 Nd6 29.Ng5 Kg8
30.f4 Qf8 31.Bd1 Qf5+ 32.Kc3 b4+ 33.Kb3 Rxh4 34.Rxh4 Qd3+ 35.Ka4 Qb5+ 36.Kb3 Qc4+
37.Ka4 b3+  0-1

[Event "6th TCh-CHN"]
[Site "Ningbo CHN"]
[Date "2010.04.16"]
[Round "1"]
[White "Li Xueyi"]
[Black "Wang Yu A"]
[Result "1/2-1/2"]
[WhiteElo "1957"]
[BlackElo "2335"]

1.d4 d5 2.c4 Nc6 3.Nf3 Bg4 4.cxd5 Bxf3 5.gxf3 Qxd5 6.e3 e6 7.Nc3 Qh5 8.Be2 O-O-O
9.Bd2 Nge7 10.Qa4 Kb8 11.O-O-O Nc8 12.Kb1 Nb6 13.Qb3 Qh4 14.Be1 Bd6 15.f4 Qh3
16.Nb5 Qg2 17.Rf1 Qxh2 18.a4 a5 19.Nxd6 Rxd6 20.Bb5 Qg2 21.Bd2 h5 22.Qd3 h4
23.Rg1 Qf3 24.Qf1 g6 25.Rg5 Nxd4 26.exd4 Rxd4 27.Qe2 Qxe2 28.Bxe2 h3 29.Kc2 Nd5
30.Rh1 Nxf4 31.Bb5 Nd5 32.Rh2 Nb4+ 33.Bxb4 Rxb4 34.b3 Rf4 35.Rg3 Rh5 36.f3 Rc5+
37.Kb2 c6 38.Bd3 b5 39.axb5 cxb5 40.Rgxh3 Kc7 41.Rd2 a4 42.Be4 axb3 43.Rh8 g5
44.Rhd8 Rd5 45.Bxd5 Kxd8 46.Bxe6+ Ke7 47.Bd5  1/2-1/2

[Event "UKM KL Masters"]
[Site "Kuala Lumpur INA"]
[Date "2010.04.17"]
[Round "6"]
[White "Tirto"]
[Black "Thakur,Ak"]
[Result "0-1"]
[WhiteElo "2402"]
[BlackElo "2355"]

1.d4 d5 2.c4 Nc6 3.Nc3 Nf6 4.Nf3 Bg4 5.Ne5 Bc8 6.Qa4 Bd7 7.Nxd7 Qxd7 8.e3 e6
9.Be2 Be7 10.O-O O-O 11.Rd1 a6 12.Bf3 Bb4 13.e4 Bxc3 14.exd5 Nxd4 15.Qxd7 Nxf3+
16.gxf3 Nxd7 17.dxe6 Ne5 18.bxc3 fxe6 19.Kg2 Nxc4 20.Rb1 b5 21.a4 c6 22.Be3 Rfd8
23.a5 Kf7 24.Bc5 Rd5 25.Rxd5 exd5 26.Re1 Re8 27.Rxe8 Kxe8 28.Bb4 Kd7 29.Kf1 Nd6
30.Bc5 Nc4 31.Bb4 Nd2+ 32.Ke2 Nb3  0-1

[Event "Open"]
[Site "Bar MNE"]
[Date "2010.04.20"]
[Round "5"]
[White "Tosic,M"]
[Black "Miladinovic,I"]
[Result "0-1"]
[WhiteElo "2439"]
[BlackElo "2563"]

1.d4 d5 2.c4 Nc6 3.cxd5 Qxd5 4.e3 e5 5.Nc3 Bb4 6.Bd2 Bxc3 7.bxc3 Nf6 8.c4 Qd6
9.d5 Ne7 10.Qa4+ Bd7 11.Qb3 a5 12.Nf3 O-O 13.Bc3 Ng6 14.Be2 Ne4 15.O-O f5
16.h3 b6 17.Rac1 Rae8 18.Rfd1 f4 19.Qc2 Bf5 20.Bd3 Nxc3 21.Bxf5 Nxd1 22.Rxd1 fxe3
23.fxe3 e4 24.Be6+ Kh8 25.Qxe4 Qa3 26.h4 Rf6 27.h5 Nf8 28.Ng5 h6  0-1

[Event "2nd Milko Bobotsov Mem"]
[Site "Sofia BUL"]
[Date "2010.05.02"]
[Round "3"]
[White "Ivanova,G"]
[Black "Spirliadis,A"]
[Result "0-1"]
[WhiteElo "1682"]
[BlackElo "1972"]

1.d4 d5 2.c4 Nc6 3.Nf3 Bg4 4.cxd5 Bxf3 5.dxc6 Bxc6 6.Nc3 e6 7.a3 Bd6 8.e4 a6
9.Bd3 e5 10.d5 Bd7 11.O-O Qh4 12.Qe2 Nh6 13.f3 O-O 14.g4 Bc5+ 15.Be3 Bxe3+
16.Qxe3 f6 17.Ne2 Nf7 18.Ng3 Ng5 19.Bc4 Kh8 20.Rac1 Nh3+ 21.Kh1 Nf4 22.Ne2 Nxe2
23.Bxe2 c6 24.d6 b5 25.Kg2 f5 26.exf5 Rf6 27.Rcd1 Rh6 28.Rh1 Qh3+ 29.Kg1 e4
30.Qf4 exf3 31.Qxf3 Qh4 32.Qf2 Qf6 33.h4 Qe5 34.Qh2 Qe3+ 35.Kf1 Rf6 36.Qf2 Qb3
37.Qd4 Re8 38.Rd3 Qc2 39.Rd2 Qb3 40.Rd3 Qa2 41.Rhh3 c5 42.Qd5 Qb1+ 43.Kf2 Qxb2
44.Rhe3 Ref8 45.Kg3 c4 46.Rd2 Qc1 47.Re7 Bc6 48.Qxc6 Qxd2 49.Re6 Rxe6 50.fxe6 Qxe2
51.e7 Qe3+ 52.Kh2 Rf2+ 53.Qg2 Rxg2+ 54.Kxg2 Qe6  0-1

[Event "ch-UKR"]
[Site "Alushta UKR"]
[Date "2010.05.03"]
[Round "1"]
[White "Nikolaev,L"]
[Black "Burakovsky,M"]
[Result "1-0"]
[WhiteElo "2334"]
[BlackElo "2008"]

1.d4 d5 2.c4 Nc6 3.Nf3 Bg4 4.cxd5 Bxf3 5.dxc6 Bxc6 6.Nc3 Nf6 7.f3 e6 8.e4 Be7
9.Be3 O-O 10.Be2 a6 11.a4 h6 12.O-O b6 13.Qb3 Bb7 14.Rfd1 Rc8 15.Rac1 Qe8
16.Kh1 Kh8 17.Bf1 Rg8 18.Rd2 Qf8 19.Ne2 Bb4 20.Rdc2 c6 21.Nf4 Nd7 22.d5 exd5
23.exd5 c5 24.Nd3 a5 25.Nxb4 axb4 26.Bf4 Qd8 27.Bb5 Nf6 28.d6 Nd5 29.d7 Ra8
30.Bg3 Qg5 31.Re1 Rad8 32.Rce2 Nf4 33.Bxf4 Qxf4 34.Re8 g6 35.Rxd8 Rxd8 36.Qe3 Qh4
37.Qe7  1-0

[Event "ch-UKR"]
[Site "Alushta UKR"]
[Date "2010.05.05"]
[Round "3"]
[White "Roschupkin,V"]
[Black "Baranov,J"]
[Result "1/2-1/2"]
[WhiteElo "1961"]
[BlackElo "2170"]

1.d4 d5 2.c4 Nc6 3.Nc3 dxc4 4.Nf3 Nf6 5.d5 Na5 6.e4 e6 7.Qa4+ c6 8.b4 cxb3
9.axb3 exd5 10.Bd2 dxe4 11.Ng5 h6 12.Nh3 Be6 13.Qxa5 Qxa5 14.Rxa5 Bxb3 15.Nxe4 Nxe4
16.Re5+ Kd7 17.Rxe4 Bc5 18.Be3 Rhe8 19.Rxe8 Bb4+ 20.Ke2 Rxe8 21.Nf4 Kc7 22.h4 a5
23.Nd3 Bc3 24.Nc1 Bc2 25.Kf3 Be4+ 26.Kf4 Bd5 27.Bd3 Bxg2 28.Rg1 Be5+ 29.Kg4 Bd5
30.Bf4 h5+ 31.Kg3 g6 32.Bxe5+ Rxe5 33.Kf4 Kd6 34.Ne2 Re6 35.Nd4 Re7 36.Ne2 c5
37.Rd1 Kc6 38.Nc3 Bb3 39.Bb5+ Kc7 40.Ra1 b6 41.Rb1 Be6 42.Re1 Kd6 43.Rd1+ Kc7
44.Re1  1/2-1/2

[Event "ch-CZE"]
[Site "Ostrava CZE"]
[Date "2010.05.08"]
[Round "8"]
[White "Orsag,Mil1"]
[Black "Pisk,P"]
[Result "1-0"]
[WhiteElo "2419"]
[BlackElo "2333"]

1.d4 d5 2.c4 Nc6 3.Nf3 Bg4 4.cxd5 Bxf3 5.gxf3 Qxd5 6.e3 e5 7.Nc3 Bb4 8.Bd2 Bxc3
9.bxc3 Qd6 10.Qb3 Nge7 11.Qxb7 O-O 12.Qb3 Rab8 13.Qc2 f5 14.Be2 Qg6 15.Kf1 Qh5
16.h3 Qh4 17.Rb1 Rbd8 18.Rb5 exd4 19.cxd4 f4 20.Qe4 Kh8 21.Rc5 Rfe8 22.Rxc6 Nxc6
23.Qxc6 Rb8 24.Bd3 fxe3 25.Bxe3 Rf8 26.Qe4 Qh5 27.Kg2 Rb6 28.Qg4 Qd5 29.Rc1 h5
30.Qe4  1-0

[Event "ch-UKR"]
[Site "Alushta UKR"]
[Date "2010.05.10"]
[Round "8"]
[White "Baranov,J"]
[Black "Burakovsky,M"]
[Result "1-0"]
[WhiteElo "2170"]
[BlackElo "2008"]

1.d4 d5 2.c4 Nc6 3.Nc3 dxc4 4.d5 Na5 5.Qa4+ c6 6.b4 b5 7.Qxa5 Qxa5 8.bxa5 b4
9.Nd1 cxd5 10.e4 e6 11.exd5 exd5 12.Be3 Bd6 13.Ne2 Ne7 14.g3 Bc7 15.Bg2 Bxa5
16.O-O Be6 17.Nf4 Rc8 18.Bxa7 Rc7 19.Bd4 O-O 20.Ne3 Rd8 21.Rfd1 Rc6 22.h4 Bc7
23.Rab1 Ba5 24.Rbc1 Bc7 25.Rb1 Ba5 26.h5 h6 27.g4 Rd7 28.Bf3 Kh7 29.Be5 Rc5
30.Rbc1 Nc6 31.Nxe6 fxe6 32.Nxc4 Rxc4 33.Rxc4 dxc4 34.Rxd7 Nxe5 35.Be4+ Kg8
36.Ra7 Bb6 37.Rb7 Bc5 38.Rb5 Bd6 39.f3 Kf7 40.Kg2 Kf6 41.Rb6 Bc5 42.Rb7 Bd6
43.Kf2 c3 44.Ke2 Nc4 45.Bc2 Na3 46.Kd3 Nxc2 47.Kxc2 e5 48.Kd3 Be7 49.Rb6+ Kf7
50.Ke4 Bc5 51.Rc6 Bd4 52.f4 Ke7 53.fxe5 Kd7 54.Rd6+ Ke7  1-0

[Event "TCh-UKR Clubs"]
[Site "Alushta UKR"]
[Date "2010.05.18"]
[Round "8"]
[White "Zubarev,Al1"]
[Black "Prihodko,A"]
[Result "1-0"]
[WhiteElo "2536"]
[BlackElo "2287"]

1.d4 d5 2.c4 Nc6 3.Nf3 Bg4 4.cxd5 Bxf3 5.dxc6 Bxc6 6.Nc3 e6 7.a3 Bd6 8.e4 e5
9.d5 Bd7 10.Qb3 Qb8 11.Bb5 Nf6 12.Bxd7+ Nxd7 13.Be3 O-O 14.Qb5 Nf6 15.f3 c6
16.dxc6 bxc6 17.Qxb8 Rfxb8 18.O-O-O Bc7 19.Na4 Bb6 20.Nxb6 axb6 21.Rd6 c5
22.Rhd1 Ne8 23.Rd7 Kf8 24.Kc2 Rc8 25.Rb7 Rab8 26.Rxb8 Rxb8 27.Rd7 Rc8 28.a4 Rc6
29.Kc3 Nd6 30.Ra7 h5 31.h4 Kg8 32.Ra8+ Kh7 33.Ra6 Nb7 34.Kc4 Rg6 35.b4 Nd6+
36.Kd5 Ne8 37.Kxe5 Re6+ 38.Kf4 Rf6+ 39.Kg3 Nd6 40.bxc5 bxc5 41.Ra7 c4 42.Rc7 Re6
43.Bf4  1-0

[Event "Campomanes Mem IM"]
[Site "Ankara TUR"]
[Date "2010.05.20"]
[Round "7"]
[White "Mirzoev,A"]
[Black "Kerigan,D"]
[Result "1-0"]
[WhiteElo "2555"]
[BlackElo "2126"]

1.c4 Nc6 2.d4 d5 3.cxd5 Qxd5 4.e3 e5 5.Nc3 Bb4 6.Bd2 Bxc3 7.bxc3 Qd6 8.Ne2 Nf6
9.Ng3 O-O 10.Bd3 Ne7 11.O-O c5 12.dxe5 Qxe5 13.Qc2 Rd8 14.Rad1 Qd6 15.Bc1 Qc7
16.e4 Ng6 17.h3 b6 18.f4 Bb7 19.e5 Nd5 20.Nf5 c4 21.Be4 Nde7 22.Nd6 Bxe4
23.Qxe4 f6 24.exf6 gxf6 25.Qe6+  1-0

[Event "I Tancat w"]
[Site "Sabadell ESP"]
[Date "2010.05.22"]
[Round "9"]
[White "Grigoryan,Meri"]
[Black "Oliva Valero,O"]
[Result "0-1"]
[WhiteElo "2121"]
[BlackElo "2227"]

1.d4 d5 2.c4 Nc6 3.e3 Nf6 4.Nc3 Bf5 5.a3 e6 6.Bd3 Bxd3 7.Qxd3 dxc4 8.Qxc4 Be7
9.f4 Nd5 10.Nf3 Bh4+ 11.g3 Be7 12.e4 Nb6 13.Qd3 O-O 14.Be3 Na5 15.Rd1 Nac4
16.Bc1 c6 17.O-O Qc7 18.e5 Rad8 19.Ne4 h6 20.b3 Nxa3 21.f5 exf5 22.Nf6+ gxf6
23.Qxf5 Qd7 24.Qh5 f5 25.Bxh6 Qe6 26.Nh4 Bxh4 27.Qxh4 Nd5 28.Bg5 Rde8 29.Bf6 Nxf6
30.exf6 Qe3+ 31.Rf2 Re4 32.Qh5 Rg4 33.Qxf5 Rg5 34.Qd7 Nb5 35.Kf1 Qe4 36.Re1 Qh1+
37.Ke2 Nc3+ 38.Kd2 Qd5 39.Qxd5 Nxd5 40.Re5 Rg6 41.Kd3 Nxf6 42.Re7 Rb8 43.Kc4 Kg7
44.b4 Rg5 45.h4 Rd5 46.g4 Rd7 47.Re5 Rd5 48.Re7 Kf8 49.Re1 Nxg4 50.Rf4 f5
51.Re6 Kf7 52.Re2 Rh8  0-1

[Event "XXIX Open A"]
[Site "Zalakaros HUN"]
[Date "2010.05.27"]
[Round "2"]
[White "Chetverik,M"]
[Black "Lyell,M"]
[Result "1/2-1/2"]
[WhiteElo "2354"]
[BlackElo "2132"]

1.d4 d5 2.c4 Nc6 3.e3 e5 4.dxe5 d4 5.a3 a5 6.Nf3 Bc5 7.exd4 Nxd4 8.Be3 Bg4
9.Bxd4 Bxf3 10.Qxf3 Qxd4 11.Nc3 O-O-O 12.Qf5+ Kb8 13.Rd1 Ne7 14.Rxd4 Nxf5
15.Rxd8+ Rxd8 16.Be2 Bd4 17.O-O Bxe5 18.Rd1 Re8 19.Kf1 Bxc3 20.bxc3 Nd6 21.f3 b6
22.c5 bxc5 23.Rd5 c4 24.Kf2 Kb7 25.Rxa5 Kb6 26.Ra4 Kc5 27.Rb4 Ra8 28.a4 Ra6
29.Ke3 g5 30.Bd1 Rb6 31.Rxb6 cxb6 32.g4 h6 33.Bc2 Kd5 34.Bb1 Ke5 35.Be4 Ne8
36.Bc6 Ng7 37.Bb5 Kd5 38.f4 Ne6 39.fxg5 hxg5 40.Be8 Nd8 41.Kf3 f6 42.Bg6 Ke5
43.Be8 Nb7 44.Ke3 Nc5 45.Bc6 Ne6 46.Be8 Nc5 47.Bc6 Nd3 48.Be8 Nc5  1/2-1/2

[Event "XXIX Open A"]
[Site "Zalakaros HUN"]
[Date "2010.05.29"]
[Round "4"]
[White "Banusz,T"]
[Black "Racz,Z"]
[Result "1-0"]
[WhiteElo "2524"]
[BlackElo "2316"]

1.d4 d5 2.c4 Nc6 3.Nf3 Bg4 4.Nc3 e6 5.cxd5 exd5 6.Bf4 Bd6 7.Bg3 h5 8.e3 Nge7
9.Bd3 f6 10.a3 g5 11.Qc2 h4 12.Bxd6 Qxd6 13.h3 Bh5 14.Na4 Nd8 15.O-O-O Ne6
16.Kb1 O-O-O 17.Rc1 Bxf3 18.gxf3 Kb8 19.b4 Rhf8 20.Nc5 Rc8 21.Qb3 c6 22.Ka2 Nxc5
23.bxc5 Qd7 24.Rb1 Rc7 25.Rhg1 Nf5 26.Qc2 Ng7 27.Rg4 f5 28.Rxg5 f4 29.Rbg1 Rf7
30.R1g4 fxe3 31.fxe3 Rxf3 32.Rxh4 b5 33.Rh7 Qe7 34.Rgxg7 Qxg7 35.Rxg7 Rxg7
36.Qh2+ Rgg3 37.Bc2 Rxe3 38.h4 Kb7 39.Kb2 Rxa3 40.h5 b4 41.h6  1-0

[Event "Six Seasons WIM"]
[Site "Narayanganj BAN"]
[Date "2010.05.31"]
[Round "14"]
[White "Sultana,S"]
[Black "Dutta,J"]
[Result "0-1"]
[WhiteElo "1980"]
[BlackElo "2341"]

1.d4 d5 2.c4 Nc6 3.Bf4 dxc4 4.d5 e5 5.Bg3 Nce7 6.e4 Ng6 7.Bxc4 Bd6 8.Ne2 h5
9.h4 Nf6 10.Nbc3 a6 11.Qd2 Nd7 12.Bb3 Qe7 13.f4 exf4 14.Nxf4 Nc5 15.O-O-O Ne5
16.Bc2 Bg4 17.Rde1 b5 18.Nfe2 O-O 19.Nd4 b4 20.Nce2 Nc4 21.Bxd6 Qxd6 22.Qg5 Qe5
23.b3 Qxg5+ 24.hxg5 Ne5 25.Nf4 g6 26.Re3 f6 27.gxf6 Rxf6 28.Nh3 Raf8 29.Ng5 Rf1+
30.Rxf1 Rxf1+ 31.Kd2 Rf2+ 32.Ke1 Rxg2 33.Nh3 Bxh3 34.Rxh3 Kg7 35.Rh4 Rxc2
36.Nxc2 Nf3+ 37.Kf2 Nxh4 38.Ke3 a5 39.Kd4 Nd7 40.Ne3 Kf6 41.Nc4 Nf3+ 42.Ke3 Nfe5
43.Nxa5 h4 44.Nb7 h3 45.Kf2 g5 46.Nd8 Nc5 47.Kg3 g4 48.Kh2 Nxe4 49.Ne6 Nf3+
50.Kh1 Nf2+  0-1

[Event "Open"]
[Site "Teplice CZE"]
[Date "2010.06.12"]
[Round "1"]
[White "Bartos,J"]
[Black "Toman,Ondrej"]
[Result "1-0"]
[WhiteElo "2201"]
[BlackElo "1827"]

1.d4 d5 2.c4 Nc6 3.e3 Bf5 4.cxd5 Qxd5 5.Nc3 Qd8 6.e4 Bg6 7.d5 Nb8 8.Qb3 Qc8
9.Bf4 c6 10.Rc1 Nd7 11.dxc6 bxc6 12.f3 e5 13.Be3 Ngf6 14.Qa4 Be7 15.Ba6 Qd8
16.Qxc6 Rb8 17.b3 O-O 18.Nge2 Nb6 19.O-O Bb4 20.Rfd1 Qe7 21.Na4 Rfd8 22.Rxd8+ Qxd8
23.Nxb6 axb6 24.Qc7 Qxc7 25.Rxc7 Ra8 26.Rc8+ Rxc8 27.Bxc8 Bc5 28.Bxc5 bxc5
29.Nc3 Ne8 30.Na4 Nd6 31.Ba6  1-0

[Event "Open"]
[Site "Teplice CZE"]
[Date "2010.06.12"]
[Round "1"]
[White "Krusina,P"]
[Black "Lyell,M"]
[Result "0-1"]
[WhiteElo "1769"]
[BlackElo "2132"]

1.d4 d5 2.c4 Nc6 3.Nf3 e5 4.Nxe5 Nxe5 5.dxe5 d4 6.Nd2 Ne7 7.Nf3 Nc6 8.g3 Be6
9.b3 Qd7 10.Bg2 O-O-O 11.a3 Bh3 12.O-O Be7 13.Bb2 f6 14.exf6 Bxf6 15.Bxh3 Qxh3
16.Qd3 Rhe8 17.Rfe1 h5 18.Rad1 h4 19.Nxh4 Bxh4 20.gxh4 Qxh4 21.Qg3 Qe4 22.Rd3 Re6
23.Qh3 Kb8 24.Rg3 d3 25.Bc3 dxe2 26.Rg4 Qc2 27.Rxg7 Red6 28.Qg3 Qxb3 29.Rxe2 Qxc4
30.Re1 Nd4 31.Bxd4 Rxd4 32.Rge7 Rg4  0-1

[Event "14th Master Open"]
[Site "Voronezh RUS"]
[Date "2010.06.13"]
[Round "2"]
[White "Oleksienko,M"]
[Black "Artemiev,V"]
[Result "1/2-1/2"]
[WhiteElo "2543"]
[BlackElo "2246"]

1.d4 d5 2.c4 Nc6 3.Nf3 Bg4 4.cxd5 Bxf3 5.gxf3 Qxd5 6.e3 e5 7.Nc3 Bb4 8.Bd2 Bxc3
9.bxc3 Qd6 10.Rb1 O-O-O 11.Qb3 b6 12.Rg1 g6 13.Bc1 exd4 14.cxd4 Nf6 15.f4 Rhf8
16.Ba6+ Kb8 17.Kf1 Nd5 18.Bb5 Qe6 19.Bd2 Qh3+ 20.Rg2 Rd6 21.Qc2 Nce7 22.e4 Nf6
23.Rb3 Qh4 24.f3 Rxd4 25.Bc3 Rdd8 26.Be5  1/2-1/2